| 000 | 00000nam##2200000za#4500 |
| 001 | 9.615566 |
| 003 | CaOODSP |
| 005 | 20200327183706 |
| 007 | ta |
| 008 | 150406|2001||||xxc||||| f|0| 0 eng|d |
| 020 | |a0-662-30282-6 |
| 040 | |aCaOODSP|beng |
| 043 | |an-cn--- |
| 086 | 1 |aM92-214/2001E |
| 110 | 1 |aCanada.|bNatural Resources Canada. |bEnergy Resources Branch. |
| 245 | 10|aSchurman Farm Ltd.: heating a pig farm and other integrated farm heat loads : |bcase study |
| 260 | |aOttawa - Ontario : |bNatural Resources Canada. |c2001. |
| 300 | |a6p. : |billus. ; |c28 cm. |
| 490 | 1 |aCase study - biomass combustion systems |
| 563 | |aSoftcover |
| 590 | |a02-17|b2002-04-26 |
| 690 | 07|aHogs|2gcpds |
| 690 | 07|aBiomass|2gcpds |
| 690 | 07|aCase studies|2gcpds |
| 690 | 07|aFarming|2gcpds |
| 690 | 07|aHeating|2gcpds |
| 775 | 08|tSchurman Farm Ltd.: chauffage d'une exploitation porcine et intégration des différents besoins en chauffage : |w(CaOODSP)9.625625 |
| 776 | 0#|tSchurman Farm Ltd., heating a pig farm and other integrated farm heat loads |w(CaOODSP)9.572809 |
| 830 | #0|aCase study - biomass combustion systems.|w(CaOODSP)9.514788 |